<?xml version="1.0" encoding="UTF-8"?>
<record
    xmlns:xsi="http://www.w3.org/2001/XMLSchema-instance"
    xsi:schemaLocation="http://www.loc.gov/MARC21/slim http://www.loc.gov/standards/marcxml/schema/MARC21slim.xsd"
    xmlns="http://www.loc.gov/MARC21/slim">

  <leader>00437nam a2200145Ia 4500</leader>
  <controlfield tag="008">230411s9999    xx            000 0 und d</controlfield>
  <datafield tag="020" ind1=" " ind2=" ">
    <subfield code="a">978-93-5152-533-2</subfield>
  </datafield>
  <datafield tag="041" ind1=" " ind2=" ">
    <subfield code="a">eng</subfield>
  </datafield>
  <datafield tag="082" ind1=" " ind2=" ">
    <subfield code="a">F/610.7302/JAC/B06486</subfield>
  </datafield>
  <datafield tag="100" ind1=" " ind2=" ">
    <subfield code="a">Jacob Annamma Rekha R &amp; Jadhav Sonali</subfield>
    <subfield code="9">179146</subfield>
  </datafield>
  <datafield tag="245" ind1=" " ind2=" ">
    <subfield code="a">Clinical Nursing Procedures : Art of nursing practice</subfield>
  </datafield>
  <datafield tag="260" ind1=" " ind2=" ">
    <subfield code="b">Jaypee Brothers</subfield>
    <subfield code="a">New Delhi</subfield>
    <subfield code="c">2015</subfield>
  </datafield>
  <datafield tag="300" ind1=" " ind2=" ">
    <subfield code="a">718p</subfield>
  </datafield>
  <datafield tag="999" ind1=" " ind2=" ">
    <subfield code="c">156890</subfield>
    <subfield code="d">156890</subfield>
  </datafield>
  <datafield tag="952" ind1=" " ind2=" ">
    <subfield code="0">0</subfield>
    <subfield code="1">0</subfield>
    <subfield code="4">0</subfield>
    <subfield code="7">0</subfield>
    <subfield code="8">F</subfield>
    <subfield code="a">BTIN</subfield>
    <subfield code="b">BTIN</subfield>
    <subfield code="d">2010-12-21</subfield>
    <subfield code="e">B.J.Medical Co-oprative College Stores</subfield>
    <subfield code="g">695.00</subfield>
    <subfield code="i">5363</subfield>
    <subfield code="l">2</subfield>
    <subfield code="o">F 610.7302 JAC B06486</subfield>
    <subfield code="p">BTIN-BK-6486</subfield>
    <subfield code="r">2024-09-18 00:00:00</subfield>
    <subfield code="s">2024-09-05</subfield>
    <subfield code="v">521.00</subfield>
    <subfield code="w">2012-02-25</subfield>
    <subfield code="y">BK</subfield>
    <subfield code="z">B06486</subfield>
  </datafield>
  <datafield tag="952" ind1=" " ind2=" ">
    <subfield code="0">0</subfield>
    <subfield code="1">0</subfield>
    <subfield code="4">0</subfield>
    <subfield code="7">3</subfield>
    <subfield code="8">F</subfield>
    <subfield code="a">BTIN</subfield>
    <subfield code="b">BTIN</subfield>
    <subfield code="d">2012-02-25</subfield>
    <subfield code="e">Jaypee Brothers Medical Publishers</subfield>
    <subfield code="g">795.00</subfield>
    <subfield code="i">5363</subfield>
    <subfield code="o">F 610.7302 JAC B07027</subfield>
    <subfield code="p">BTIN-BK-7027</subfield>
    <subfield code="r">2023-04-11 00:00:00</subfield>
    <subfield code="v">580.00</subfield>
    <subfield code="w">2012-02-25</subfield>
    <subfield code="y">BK</subfield>
    <subfield code="z">B07027</subfield>
  </datafield>
  <datafield tag="952" ind1=" " ind2=" ">
    <subfield code="0">0</subfield>
    <subfield code="1">0</subfield>
    <subfield code="4">0</subfield>
    <subfield code="7">0</subfield>
    <subfield code="8">F</subfield>
    <subfield code="a">BTIN</subfield>
    <subfield code="b">BTIN</subfield>
    <subfield code="d">2012-11-29</subfield>
    <subfield code="e">Jaypee Brothers Medical Publishers</subfield>
    <subfield code="g">850.00</subfield>
    <subfield code="i">5363</subfield>
    <subfield code="l">1</subfield>
    <subfield code="o">F 610.7302 JAC B07280</subfield>
    <subfield code="p">BTIN-BK-7280</subfield>
    <subfield code="r">2024-02-08 00:00:00</subfield>
    <subfield code="s">2024-02-03</subfield>
    <subfield code="v">620.00</subfield>
    <subfield code="w">2012-02-25</subfield>
    <subfield code="y">BK</subfield>
    <subfield code="z">B07280</subfield>
  </datafield>
  <datafield tag="952" ind1=" " ind2=" ">
    <subfield code="0">0</subfield>
    <subfield code="1">0</subfield>
    <subfield code="4">0</subfield>
    <subfield code="7">0</subfield>
    <subfield code="8">F</subfield>
    <subfield code="a">BTIN</subfield>
    <subfield code="b">BTIN</subfield>
    <subfield code="d">2012-11-29</subfield>
    <subfield code="e">Jaypee Brothers Medical Publishers</subfield>
    <subfield code="g">850.00</subfield>
    <subfield code="i">5363</subfield>
    <subfield code="l">4</subfield>
    <subfield code="m">1</subfield>
    <subfield code="o">F 610.7302 JAC B07281</subfield>
    <subfield code="p">BTIN-BK-7281</subfield>
    <subfield code="r">2025-01-03 00:00:00</subfield>
    <subfield code="s">2025-01-02</subfield>
    <subfield code="v">620.00</subfield>
    <subfield code="w">2012-02-25</subfield>
    <subfield code="y">BK</subfield>
    <subfield code="z">B07281</subfield>
  </datafield>
  <datafield tag="952" ind1=" " ind2=" ">
    <subfield code="0">0</subfield>
    <subfield code="1">0</subfield>
    <subfield code="4">0</subfield>
    <subfield code="7">0</subfield>
    <subfield code="8">F</subfield>
    <subfield code="a">BTIN</subfield>
    <subfield code="b">BTIN</subfield>
    <subfield code="d">2015-10-24</subfield>
    <subfield code="e">Jaypee Brothers Medical Publishers</subfield>
    <subfield code="g">895.00</subfield>
    <subfield code="i">5363</subfield>
    <subfield code="l">2</subfield>
    <subfield code="m">2</subfield>
    <subfield code="o">F 610.7302 JAC B08107</subfield>
    <subfield code="p">BTIN-BK-8107</subfield>
    <subfield code="r">2025-08-04 00:00:00</subfield>
    <subfield code="s">2025-01-28</subfield>
    <subfield code="v">626.50</subfield>
    <subfield code="w">2012-02-25</subfield>
    <subfield code="y">BK</subfield>
    <subfield code="z">B08107</subfield>
  </datafield>
  <datafield tag="952" ind1=" " ind2=" ">
    <subfield code="0">0</subfield>
    <subfield code="1">0</subfield>
    <subfield code="4">0</subfield>
    <subfield code="7">3</subfield>
    <subfield code="8">F</subfield>
    <subfield code="a">BTIN</subfield>
    <subfield code="b">BTIN</subfield>
    <subfield code="d">2017-03-30</subfield>
    <subfield code="e">Samutkarsh</subfield>
    <subfield code="g">895.00</subfield>
    <subfield code="i">5363</subfield>
    <subfield code="o">F 610.73 JAC B08438</subfield>
    <subfield code="p">BTIN-BK-8438</subfield>
    <subfield code="r">2023-04-11 00:00:00</subfield>
    <subfield code="v">653.35</subfield>
    <subfield code="w">2012-02-25</subfield>
    <subfield code="y">BK</subfield>
    <subfield code="z">B08438</subfield>
  </datafield>
</record>
